Online
Catalog

El general en jefe Máximo Gómez / (Record no. 6726)

MARC details
000 -CABECERA
campo de control de longitud fija 01296cam a2200337 a 4500
001 - NÚMERO DE CONTROL
campo de control 000006942
003 - IDENTIFICADOR DEL NÚMERO DE CONTROL
campo de control DO-SdBNP
005 - FECHA Y HORA DE LA ÚLTIMA TRANSACCIÓN
campo de control 20240708135737.0
006 - CÓDIGOS DE INFORMACIÓN DE LONGITUD FIJA--CARACTERÍSTICAS DEL MATERIAL ADICIONAL
campo de control de longitud fija a||||gr|||| 00| 0
007 - CAMPO FIJO DE DESCRIPCIÓN FÍSICA--INFORMACIÓN GENERAL
campo de control de longitud fija ta
008 - DATOS DE LONGITUD FIJA--INFORMACIÓN GENERAL
campo de control de longitud fija 870402e1986 cu ao b 000 ebspa
040 ## - FUENTE DE LA CATALOGACIÓN
Centro catalogador/agencia de origen DO-SdBNP
Lengua de catalogación spa
Centro/agencia transcriptor BNPHU
Normas de descripción rda
082 #4 - NÚMERO DE LA CLASIFICACIÓN DECIMAL DEWEY
Número de clasificación 972.9105
Número de documento/Ítem A447g
Número de edición 22
100 1# - ENTRADA PRINCIPAL--NOMBRE DE PERSONA
Nombre de persona Almeida Bosque, Juan,
Fechas asociadas al nombre 1927-2009.
9 (RLIN) 19267
Término indicativo de función/relación autor
245 13 - MENCIÓN DE TÍTULO
Título El general en jefe Máximo Gómez /
Mención de responsabilidad, etc. Juan Almeida Bosque ; edición, José Quintana Lara; cubierta e ilustraciones, Orlando Yanes; prólogo, Hortensia Pichardo Viñals
264 #1 - PRODUCCIÓN, PUBLICACIÓN, DISTRIBUCIÓN, FABRICACIÓN Y COPYRIGHT
Producción, publicación, distribución, fabricación y copyright La Habana, Cuba :
Nombre del de productor, editor, distribuidor, fabricante Ciencias Sociales,
Fecha de producción, publicación, distribución, fabricación o copyright 1986
300 ## - DESCRIPCIÓN FÍSICA
Extensión x, 148 páginas :
Otras características físicas ilustraciones, fotografías ;
Dimensiones 19 cm.
336 ## - TIPO DE CONTENIDO
Fuente rdacontent
Término de tipo de contenido texto
Código de tipo de contenido txt
337 ## - TIPO DE MEDIO
Fuente rdamedia
Nombre/término del tipo de medio sin mediación
Código del tipo de medio n
338 ## - TIPO DE SOPORTE
Fuente rdacarrier
Nombre/término del tipo de soporte volumen
Código del tipo de soporte nc
490 0# - MENCIÓN DE SERIE
Mención de serie Ediciones políticas
504 ## - NOTA DE BIBLIOGRAFÍA, ETC.
Nota de bibliografía, etc. Bibliografía: páginas 147-148.
590 ## - NOTA LOCAL (RLIN)
Nota local Inventariado 2024 / MF
600 10 - PUNTO DE ACCESO ADICIONAL DE MATERIA--NOMBRE DE PERSONA
Nombre de persona Gómez, Máximo,
Fechas asociadas al nombre 1836-1905
9 (RLIN) 12249
651 #4 - PUNTO DE ACCESO ADICIONAL DE MATERIA--NOMBRE GEOGRÁFICO
Nombre geográfico Cuba
Subdivisión general Historia
Subdivisión cronológica Lucha de la Revolución
9 (RLIN) 19268
651 #4 - PUNTO DE ACCESO ADICIONAL DE MATERIA--NOMBRE GEOGRÁFICO
Nombre geográfico Cuba
Subdivisión general Historia
Subdivisión cronológica 1878-1895.
9 (RLIN) 16132
700 1# - PUNTO DE ACCESO ADICIONAL--NOMBRE DE PERSONA
Nombre de persona Quintana Lara, José,
Fechas asociadas al nombre editor
9 (RLIN) 19269
700 1# - PUNTO DE ACCESO ADICIONAL--NOMBRE DE PERSONA
Nombre de persona Yanes, Orlando,
Término indicativo de función/relación ilustraciones
9 (RLIN) 85993
700 1# - PUNTO DE ACCESO ADICIONAL--NOMBRE DE PERSONA
Nombre de persona Pichardo Viñals, Hortensia,
Fechas asociadas al nombre 1904-
9 (RLIN) 6802
Término indicativo de función/relación prólogo
942 ## - ELEMENTOS DE PUNTO DE ACCESO ADICIONAL (KOHA)
Fuente del sistema de clasificación o colocación Dewey Decimal Classification
Tipo de ítem Koha Libro
Holdings
Estado de retiro Estado de pérdida Fuente del sistema de clasificación o colocación Restricciones de uso No para préstamo Código de colección Localización permanente Ubicación/localización actual Ubicación en estantería Fecha de adquisición Total de préstamos Signatura topográfica completa Código de barras Fecha visto por última vez Precio válido a partir de Tipo de ítem Koha Número de copia Fuente de adquisición Nota pública
    Dewey Decimal Classification Préstamo en sala   General Biblioteca Nacional Pedro Henríquez Ureña Biblioteca Nacional Pedro Henríquez Ureña En catalogación 03.09.2009   972.9105 A447g 6942-10 25.06.2020 25.06.2020 Libro      
    Dewey Decimal Classification Préstamo en sala   General Biblioteca Nacional Pedro Henríquez Ureña Biblioteca Nacional Pedro Henríquez Ureña En catalogación 19.10.2009   972.9105 A447g 6942-20 25.06.2020 25.06.2020 Libro e. 2    
    Dewey Decimal Classification Préstamo en sala   General Biblioteca Nacional Pedro Henríquez Ureña Biblioteca Nacional Pedro Henríquez Ureña En catalogación 19.10.2009   972.9105 A447g 6942-30 25.06.2020 25.06.2020 Libro e. 3    
    Dewey Decimal Classification Préstamo en sala   General Biblioteca Nacional Pedro Henríquez Ureña Biblioteca Nacional Pedro Henríquez Ureña En catalogación 08.07.2024   972.9105 A447g 2024-4268 08.07.2024 08.07.2024 Libro e.4    
    Dewey Decimal Classification Préstamo en sala   General Biblioteca Nacional Pedro Henríquez Ureña Biblioteca Nacional Pedro Henríquez Ureña Depósito 31.03.2026   BNPHU GR 972.9105 A447g 2026-2481 31.03.2026 31.03.2026 Libro e.5 Donación Emilio Cordero Michel

Powered by Koha